000 00338 a2200133 4500
001 89117
082 _aPR 844
090 _c42065
_d42065
100 _aIshtiaq Butt
245 _aDesign and fabrication of subsonic open circuit wind tunnel
260 _aKarachi
_bNED
_c1983
300 _a60p.
_eInsha Hamid
500 _aBE Project Reports
942 _aCAE NUST
_kPR 844
999 _c324190
_d324190